00836nam a22002057a 4500003000200000005001700002008004100019050002400060100003000084245009800114260007200212300004700284500004100331504005800372650003700430650004500467650004300512650003900555650003600594020250205135454.0250204b xxu||||| |||| 00| 0 eng d aHQ 76.25b.B67 2023 aBoston, Grachelle Ann P.  aAn informative motion graphic animation bthe 6 stages of coming outcGrachelle Ann P. Boston aLas Pinas CitybSouthville International School and Collegescc2023 ax, 181 pages :bcolored pictures ;c28cm.  aBachelor of Arts in Multimedia Arts. aIncludes bibliographical references and appendices.  aComing out (Sexual orientation). aLGBTQ+ identity—Psychological aspects. aSexual minorities—Social conditions. aMotion graphics—Educational use. aAnimated films—LGBTQ+ themes.